LEADER 01019nam a2200241 i 4500 001 000000175555 003 CaOOAMICUS 005 20081126000000.0 008 081126s1997 it u000 u mul u 013 $a153036 020 $a88-452-2924-6 040 $aSeMil$bita 100 1 $aAbbado, Claudio <1933-2014>.$0(OLS)http://semarc/name/54772 245 10$aMusica sopra Berlino :$bconversazione con Lidia Bramani /$cClaudio Abbado. 260 $aMilano :$bBompiani,$c1997. 300 $a233 p., [6] p. di tav. :$bill. ;$c23 cm. 650 4$aAbbado, Claudio <1933-2014> - Interviste.$0(OLS)http://semarc/subject/33479 850 $aSeMil 852 $aSeMil$W1$xVenegono$y1$m3Q III 25$j126377$B126377$CSeMilBibl$Z2$F138600 $81 961 $aOmaggio: Ravasi mons. Gianfranco 996 $6020$a88-452-2924-6$9(OLS)http://semarc/number/163840 996 $6245$aMusica sopra Berlino :$bconversazione con Lidia Bramani$9(OLS)http://semarc/title/251810 996 $6260$aMilano :$bBompiani$9(OLS)http://semarc/publisher/29706 LEADER 01764nam a2200337 i 4500 001 000000050362 003 CaOOAMICUS 005 20240405165810.0 008 110520s1668 fr u000 u fre u 026 $al-en ntes l.re VaLI (3) 1669 (R) 040 $aSeMil$bita 100 1 $aGuarini, Battista,$d<1538-1612>.$0(OLS)http://semarc/name/90609 240 13$aIl pastor fido.$0(OLS)http://semarc/title/76881 245 13$aLe berger fidelle traduit de l'italien de Guarini en vers françois. 260 $aA Paris :$bchez Gabriel Quinet, au Palais, dans la Gallerie des Prisonniers, à l'Ange Gabriel,$c1668. 300 $a[22], 573, [3] p., [5] carte di tav. :$bill., antip. calcogr.; 12°. 500 $aSegn.: a6 A-Z6 2A6 500 $aFregi, testate, capilettera, finalini incisi 500 $aTraduzione di Antoine de Torches, che firma la dedica con le iniziali D.T. a carta a6r. 500 $aTesto italiano e traduzione francese a fronte 500 $aTitolo dell'antip. calcogr.: Il pastor fido. Le berger fidelle 500 $aCors. ; rom. 650 4$aLetteratura italiana - Sec. 16.$0(OLS)http://semarc/subject/1055 700 1 $aTorches, Antoine : de.$0(OLS)http://semarc/name/24948 700 1 $aBarbin, Claude,$c.$0(OLS)http://semarc/name/14145 850 $aSeMil 852 $aSeMil$W1$xVenegono$y1$m1B V 3 FA$j16517$B16517$CSeMilBibl$Z2$F16517 $8I 961 $aOmaggio: Biblioteca Seminario Seveso (fino al 1985) 996 $6245$aLe berger fidelle traduit de l'italien de Guarini en vers françois$9(OLS)http://semarc/title/76880 996 $6260$aA Paris :$bchez Gabriel Quinet, au Palais, dans la Gallerie des Prisonniers, à l'Ange Gabriel$9(OLS)http://semarc/publisher/41238